000 00445nam a2200145 i 4500
001 141210
003 ES-MaACL
007 t|
008 070920s1949 sp ||||1| spa d
100 1 _aVivanco Bergamín, Ignacio.
_9115543
245 1 0 _aOrganización de obras
_b: proyecto, preparación... /
_cIgnacio Vivanco Bergamín.
260 _aMadrid :
_bDossat,
_c1949.
300 _a459 p., 1 lám. ;
_c28 cm.
852 _aES-MaACL
_jB-787
_bR.28738
999 _c141210
_d141210